| 000 | 00577nam a2200169 i 4500 | ||
|---|---|---|---|
| 001 | 24683 | ||
| 003 | ES-MaACL | ||
| 005 | 20230906153111.0 | ||
| 007 | t| | ||
| 008 | 021218s1965 sp ||||1| spa d | ||
| 100 | 1 |
_aAntonio y Guardias, Antonio. _921988 |
|
| 245 | 1 | 0 |
_aOda a Tarragona i altres poemes / _cAntonio Antonio y Guardias. |
| 260 |
_a[Tarragona] : _bInstituto de Estudios Tarraconenses Ramón Berenguer IV, _c1965. |
||
| 300 |
_a92 p. ; _c22 cm. |
||
| 710 | 2 |
_aInstituto de Estudios Tarraconenses "Ramón Berenguer IV" _94935 |
|
| 852 |
_aES-MaACL _jC-30260 _bR.60248 |
||
| 999 |
_c24683 _d24683 |
||